Beef in northern Australia (Record no. 16253)
[ view plain ]
| 000 -LEADER | |
|---|---|
| fixed length control field | 00370cam a2200145 4500 |
| 020 ## - INTERNATIONAL STANDARD BOOK NUMBER | |
| ISBN | 070810343X |
| 040 ## - CATALOGING SOURCE | |
| Transcribing agency | DLC |
| 082 00 - DEWEY DECIMAL CLASSIFICATION NUMBER | |
| Classification number | 636 AUS 1971 A105 Or. |
| 100 1# - MAIN ENTRY--AUTHOR NAME | |
| Personal name | Kelly, J. H. |
| 245 10 - TITLE STATEMENT | |
| Title | Beef in northern Australia |
| 260 ## - PUBLICATION, DISTRIBUTION, ETC. (IMPRINT) | |
| Place of publication | Canberra, |
| Name of publisher | Australian National University Press, |
| Year of publication | 1971. |
| 300 ## - PHYSICAL DESCRIPTION | |
| Number of Pages | 230 p. |
| Other physical details | illus. |
| Dimensions | 24 cm. |
| 650 #0 - SUBJECT ADDED ENTRY--TOPICAL TERM | |
| Topical Term | Beef cattle |
| 942 ## - ADDED ENTRY ELEMENTS (KOHA) | |
| Koha item type | សៀវភៅភាសាអង់គ្លេស |
| 952 ## - LOCATION AND ITEM INFORMATION (KOHA) | |
| Withdrawn status [LOCAL, KOHA] | 0 |
| Permanent Location | Date acquired | Koha item type | Lost status | Shelving location | Barcode | Current Location | Full call number |
|---|---|---|---|---|---|---|---|
| Library Block A | 2018-01-26 | សៀវភៅភាសាអង់គ្លេស | A105 | A24281 | Library Block A | 636 AUS 1971 A105 Or. |